QUALITY CONTROL THEORY AND APPLICATIONS (Record no. 583773)

000 -LEADER
fixed length control field 00326nam a22001217a 4500
082 ## - DEWEY DECIMAL CLASSIFICATION NUMBER
Classification number 658.562 HAN
100 ## - MAIN ENTRY--PERSONAL NAME
Personal name BANSEN BERTRAND.L
9 (RLIN) 78665
245 ## - TITLE STATEMENT
Title QUALITY CONTROL THEORY AND APPLICATIONS
260 ## - PUBLICATION, DISTRIBUTION, ETC.
Place of publication, distribution, etc. 1963
Name of publisher, distributor, etc. PRENTICE HALL
Date of publication, distribution, etc. USA
300 ## - PHYSICAL DESCRIPTION
Extent 498P
650 ## - SUBJECT ADDED ENTRY--TOPICAL TERM
Topical term or geographic name entry element QUALITY CONTROL.QUALITY CONTROL THEORY.
9 (RLIN) 78666
942 ## - ADDED ENTRY ELEMENTS (KOHA)
Koha item type Book
Holdings
Withdrawn status Lost status Source of classification or shelving scheme Damaged status Not for loan Permanent Location Current Location Shelving location Date acquired Full call number Barcode Date last seen Price effective from Koha item type Public note
          College of Electrical & Mechanical Engineering (CEME) College of Electrical & Mechanical Engineering (CEME) General Stacks 06/20/2017 658.562 HAN CEME-7982 06/28/2021 06/28/2021 Book 1.6
© 2023 Central Library, National University of Sciences and Technology. All Rights Reserved.